000 00621nam a2200241 a 4500
001 nice12345678
003 IN_TiNIC
005 20260116011350.0
008 050524s1952 luca grp 000 0 eng
020 _a
_c100
082 0 0 _a201
_bSUB
100 _aSubhan, John A
245 _aHow a Sufi Found His Lord
_b an Autobiography of John a Subhan
260 _aLucknow
_bLucknow Publishing House
_c1952
300 _a107p
500 _aincludes index and biblioraphy
505 2 _aIndex
650 _aSubhan, John.A-Autobiography
700 1 _aSubhan, John A
902 _bSRS
942 _cBK
999 _c888
_d888